Κατάλογος Βιβλιοθηκών Mediterranean College

International Labor Standards / A Workers' Education Manual (Record no. 5276)

MARC details
000 -LEADER
fixed length control field 01085cam a22001814a 4500
005 - ΗΜΕΡΟΜΗΝΙΑ ΚΑΙ ΩΡΑ ΤΕΛΕΥΤΑΙΑΣ ΕΝΗΜΕΡΩΣΗΣ
Πεδίο ελέγχου 20250605163457.0
008 - FIXED-LENGTH DATA ELEMENTS--GENERAL INFORMATION
Πεδίο ελέγχου σταθερού μήκους 250528s ||||||||||||||||||||||||d
035 ## - SYSTEM CONTROL NUMBER
System control number 20137
020 ## - ISBN
ISBN 922101861
040 ## - ΠΗΓΗ ΚΑΤΑΛΟΓΟΓΡΑΦΗΣΗΣ
Φορέας πρωτότυπης καταλογογράφησης MC Athens Campus Library
Γλώσσα καταλογογράφησης Ελληνικά, Μοντέρνα (1453-)
Modifying agency MC Athens Campus Library
Κανόνες περιγραφικής καταλογογράφησης AACR2
245 1# - ΤΙΤΛΟΣ ΚΑΙ ΔΗΛΩΣΗ ΥΠΕΥΘΥΝΟΤΗΤΑΣ
Τίτλος International Labor Standards / A Workers' Education Manual
260 ## - PUBLICATION, DISTRIBUTION, ETC.
Name of publisher, distributor, etc. International Labour Office,
Date of publication, distribution, etc. 1978
300 ## - PHYSICAL DESCRIPTION
Extent 98
520 ## - SUMMARY, ETC.
Summary, etc. This books talks about the formulation, adoption and application of Internationally agreed standards of good practice in labor matters (known as ''International labor Conventions and Recommendations''). The ILO as a Standard Setting Organization, How International Labor Standards Originate, The Standard-Setting Process, Purpose and Contexts of International Labor Standards, General Application of Standards: (I) Scope of the System, General Application of Standards: (II) Supervision and Assistance, Representations and Complaints, Protecting Freedom of Association, Influence of International Labor Standards, Appendices.
942 ## - ADDED ENTRY ELEMENTS (KOHA)
Koha item type Books
Holdings
Τύπος τεκμηρίου Βιβλιοθήκη Τρέχουσα τοποθεσία Barcode Αριθμός εισαγωγής Ημερομηνία απόκτησης Ταξιθετικό σύμβολο Αριθμός αντιτύπου Κατάσταση απόσυρσης Κατάσταση χαμένου Κατάσταση κατεστραμμένου Μη δανεισμός Σύνολο δανεισμών Ημερομηνία τελευταίας εμφάνισης Η τιμή ισχύει από
Books MC Athens Campus Library MC Athens Campus Library 9780000052759 6370 05/06/2025 331.88 ILO 1           05/06/2025 05/06/2025

MC Athens Campus Library
Πατησίων 94 & Κοδριγκτώνος 13, 104 34
Πελλήνης 8 & Πατησίων 107, 112 51
Τ: +30 210 8899600

MC Thessaloniki Campus Library
Ίωνος Δραγούμη 21, 54625 | Ίωνος Δραγούμη 15, 54625
Τ: +30 2310 287779 – Τ: +30 2314 440300